000 00471cam a2200193 4500
001 D7983
008 090401t1981 xxu||||| |||| 00| 0 eng d
035 _a(Sirsi) u10503
041 _aeng
050 _a693.1
100 _aPrice, C.A.
245 _aBrethane stone preservative
260 _aGarston, Watford
_bBuilding Research Establishment
_c1981
300 _a9p. 30cm
350 _a0
490 _aBRE Current Paper
_v1/81
942 _n0
948 _c04/03/1997
999 _c86750
_d86750